00706nam a2200241 a 4500001001300000003000900013005001700022008004100039020001000080082001900090100002100109245004900130260003600179300000800215500003500223505001400258650002200272700002100294902000800315942000700323952011900330999001500449nice12345678IN_TiNIC20260116011412.0050524s1303 caia grp 000 0 eng  ac10000a500.80297bMUS aMustafa, Ibrahim aAl-Daroosul Ibtadaiya Fil Kimiyaal Amoomiya. aCairobNile Mission Pressc1303 a96p aincludes index and biblioraphy2 areference aIslam and Science1 aMustafa, Ibrahim bSRS cBK 001040708StackRoom-aHMIbHMId2007-07-31g100.00l0o500.80297 MUSp04803r2007-07-31v100.00w2005-05-24yBK c1206d1206